| 000 | 00977nam a22003014i 4500 | ||
|---|---|---|---|
| 003 | URS | ||
| 005 | 20220117151026.0 | ||
| 008 | 190604t2016 ts ||||| |||| 001 0 eng d | ||
| 020 | _a9789351159230 | ||
| 040 |
_beng _erda _cURS |
||
| 050 | 1 | 4 |
_aTS 1960 _bA77 2016 |
| 110 | _a3G eLearning | ||
| 245 | 1 | 0 |
_aSlaughtering operations : _bintermediate / _c[3G eLearning] |
| 264 | 1 |
_aUAE : _b3G eLearning, _c[2016] |
|
| 264 | 4 | _c©2016 | |
| 300 |
_a[ix], 332 pages : _bchiefly coloured illustrations ; _c30 cm _e1 CD-ROM |
||
| 336 |
_2rdacontent _atext |
||
| 336 |
_2rdacontent _astill image |
||
| 336 |
_2rdacontent _acomputer program |
||
| 337 |
_2rdamedia _aunmediated |
||
| 337 |
_2rdamedia _acomputer |
||
| 338 |
_2rdacarrrier _avolume |
||
| 338 |
_2rdacarrrier _acomputer disc |
||
| 500 | _aIncludes index. | ||
| 524 | _a3G eLearning. (2016) Slaughtering operations : intermediate. UAE : 3G eLearning. | ||
| 650 | 0 | _aSlaughtering and slaughter-houses | |
| 942 |
_2lcc _cFR |
||
| 999 |
_c11655 _d11655 |
||